| Tag |
First Indicator |
Second Indicator |
Subfields |
| LEADER |
00000cam a2200000 a 4500 |
| 001 |
in00002533021 |
| 005 |
20151113121612.0 |
| 008 |
071213s2008 paua j 000 0 eng |
| 010 |
|
|
|a 2007050282
|
| 020 |
|
|
|a 9781590785874 (alk. paper)
|
| 020 |
|
|
|a 1590785878 (alk. paper)
|
| 029 |
1 |
|
|a IG#
|b 9781590785874
|
| 035 |
|
|
|a (OCoLC)ocn183928607
|
| 035 |
|
|
|a (OCoLC)183928607
|
| 040 |
|
|
|a DLC
|c DLC
|d IG#
|d BAKER
|d BTCTA
|d XY4
|d B2A
|d YDXCP
|d GPI
|d EHH
|d EI1
|d UtOrBLW
|
| 042 |
|
|
|a lcac
|
| 049 |
|
|
|a TXAM
|
| 050 |
0 |
0 |
|a PS3558.O347745
|b M67 2008
|
| 082 |
0 |
0 |
|a 811/.54
|2 22
|
| 100 |
1 |
|
|a Holbrook, Sara.
|
| 245 |
1 |
0 |
|a More than friends :
|b poems from him and her /
|c Sara Holbrook and Allan Wolf.
|
| 250 |
|
|
|a 1st ed.
|
| 264 |
|
1 |
|a Honesdale, Pa. :
|b Wordsong,
|c 2008.
|
| 300 |
|
|
|a 64 pages :
|b illustrations ;
|c 19 cm.
|
| 336 |
|
|
|a text
|b txt
|2 rdacontent
|
| 337 |
|
|
|a unmediated
|b n
|2 rdamedia
|
| 338 |
|
|
|a volume
|b nc
|2 rdacarrier
|
| 521 |
8 |
|
|a Ages 12 and up.
|
| 520 |
|
|
|a Poems about relationships between young men and women.
|
| 650 |
|
0 |
|a Interpersonal relations in adolescence
|v Juvenile poetry.
|
| 650 |
|
0 |
|a Young adult poetry, American.
|
| 655 |
|
0 |
|a Young adult poetry.
|
| 650 |
|
1 |
|a Interpersonal relations
|v Poetry.
|
| 700 |
1 |
|
|a Wolf, Allan.
|
| 938 |
|
|
|a Ingram
|b INGR
|n 9781590785874
|
| 938 |
|
|
|a Baker & Taylor
|b BKTY
|c 16.95
|d 16.95
|i 1590785878
|n 0007723348
|s active
|
| 938 |
|
|
|a Baker and Taylor
|b BTCP
|n BK0007723348
|
| 938 |
|
|
|a YBP Library Services
|b YANK
|n 3003873
|
| 945 |
|
|
|a PromptCat
|b 844534
|
| 946 |
|
|
|a curr
|
| 947 |
|
|
|a A14839995742
|
| 948 |
|
|
|a cataloged
|b h
|c 2009/12/4
|d c
|e jhennen
|f 10:12:24 am
|
| 994 |
|
|
|a 92
|b TXA
|
| 999 |
|
|
|a MARS
|
| 999 |
f |
f |
|s b31d0d30-2eab-3d83-8b76-3ac0e52d61ed
|i 24625112-b43f-3f9b-8d66-57ecdd47760b
|t 0
|
| 952 |
f |
f |
|p normal
|a Texas A&M University
|b College Station
|c Sterling C. Evans Library
|d Evans: Curriculum Collection (4th floor)
|t 0
|e PS3558.O347745 M67 2008
|h Library of Congress classification
|i unmediated -- volume
|m A14839995742
|
| 998 |
f |
f |
|a PS3558.O347745 M67 2008
|t 0
|l Evans: Curriculum Collection (4th floor)
|